Statistiques concernant Culture Générale - Série 684

Cliquez ici pour prendre le quiz!

Statistiques générales

  • Ce quiz a été pris 118 fois
  • Le résultat moyen est 7 sur 10

Statistiques - réponses

QuestionRéponse% Correct
Familièrement, quel mot anglo-américain de deux lettres signifie "d'accord" ?O.K
99%
Quelle capitale européenne est née de l'unification des villes de Pest et Buda ?Budapest
97%
Quel animal peut-être "de l'Opéra", "de bibliothèque" ou simplement "musqué" ?rat
97%
Quel État a représenté la porte de Brandebourg sur ses pièces de cinquante centimes d'euro ?Allemagne
91%
Dans le sigle de l'association humanitaire "MSF" de quel mot le "M" est-il l'initiale ?Médecins
84%
Dans les années 60, quand on voulait que le destinataire d'un appel paye la communication, on l'appelait en...P.C.V
70%
Que signifie le I du sigle RFI, la station de radio française ?Internationale
67%
Quel nom allemand désigne le plus souvent l'annexion de l'Autriche à l'Allemagne, en 1938 ?Anschluss
49%
Quel groupe est resté plus de 15 semaines au Top 50 avec: "Viens boire un p'tit coup à la maison" ?Licence IV
38%
Quelle actrice joue le rôle de Lynn Bracken, dans le film : "L.A. Confidential", sorti en 1997 ?Kim Basinger
22%

Distribution des résultats

Percentile par nombre de réponses

% des personnes avec chaque résultat

Votre développement - résultats

Vous n’avez pas pris ce quiz